It's Apple Season! - Statistics

General Stats
  • This quiz has been taken 34 times
  • The average score is 7 of 20
Answer Stats
Answer % Correct
Granny Smith
94%
Red Delicious
77%
Golden Delicious
71%
Royal Gala
61%
Fuji
58%
McIntosh
55%
Honeycrisp
45%
Pink Lady
39%
Braeburn
35%
Jonagold
26%
Cortland
23%
Empire
16%
Spartan
16%
Ambrosia
13%
Jazz
13%
Cameo
10%
Jonathan
10%
Northern Spy
6%
Lobo
3%
Gravenstein
0%
No matching quizzes found
Score Distribution
Percent of People with Each Score
Percentile by Number Answered
Your Score History
You have not taken this quiz